| 000 | 00707nam a2200193 i 4500 | ||
|---|---|---|---|
| 999 |
_c7960 _d7960 |
||
| 001 | 991058478168306706 | ||
| 003 | OSt | ||
| 005 | 20241105141946.0 | ||
| 006 | m o d | | ||
| 007 | cr ||||||||||| | ||
| 008 | 201029s2019 sp a ob 000 0 spa d | ||
| 040 |
_aCDMR _cCDMR _bcat |
||
| 245 | 1 | 0 |
_aI Estudi de comunicació interna dels ajuntaments de Catalunya _c/ Coordinació, redacció i edició: Síntesi ; amb el suport del Col·legi de Periodistes de Catalunya |
| 264 | 1 | _c[2024] | |
| 300 | _a1 recurs electrònic (73 pàgines) | ||
| 650 | 0 |
_aComunicació en l'administració _93870 _zCatalunya |
|
| 856 |
_zAccés en línia _uhttps://omeka.periodistes.cat/items/show/717 |
||
| 942 |
_2udc _cRECURS_WEB |
||